| 000 | 00996nas a2200349 4500 | ||
|---|---|---|---|
| 001 | BR2012008521 | ||
| 003 | BR-BrBNA | ||
| 005 | 20231205121505.0 | ||
| 007 | ta | ||
| 008 | 230509b bl.|||p| |||| 00| 00por d | ||
| 040 |
_aBR-BrBNA _bpor _cBiblioteca Nacional de Agricultura |
||
| 041 | _a(Pt) | ||
| 072 | _aL73; L74 | ||
| 100 | 1 | _aCasagrande, R.A. | |
| 100 | 1 | _aWouters, F. | |
| 100 | 1 | _aBoabaid, F.M. | |
| 100 | 1 | _aAntoniassi, N.A.B. | |
| 100 | 1 | _aPavarini, S.P. | |
| 100 | 1 | _aOliveira, L.G.S. de | |
| 100 | 1 | _aBandarra, P.M. | |
| 100 | 1 | _aZlotowski, P. | |
| 100 | 1 | _aDriemeier, D. | |
| 245 | 1 | _aRaiva em bovino associada a intoxicação espontânea por Sida carpinifolia | |
| 650 | _aBOVINO | ||
| 650 | _aRAIVA | ||
| 650 | _aINTOXICAÇÃO | ||
| 650 | _aGUANXUMA | ||
| 650 | _aERVA DANINHA | ||
| 773 | 0 |
_tCiência Rural (Brazil) _xISSN 0103-8478 _g(Oct 2012), v. 42(10) p. 1872-1875 _wBR2012008521 |
|
| 909 |
_a202311 _bLúcia _c55 _dLúcia Elande |
||
| 942 |
_2AGRIS _n0 _cANA |
||
| 999 |
_c223815 _d223815 |
||